| Tag |
First Indicator |
Second Indicator |
Subfields |
| LEADER |
00000cam a2200000 a 4500 |
| 001 |
in00000016168 |
| 005 |
20151007052712.0 |
| 008 |
870410s1987 vau 00010 eng d |
| 020 |
|
|
|a 0883143526 (student guide) (pbk.)
|
| 020 |
|
|
|a 0883143534 (instructor's guide) (pbk.)
|
| 035 |
|
|
|a (OCoLC)15514102
|
| 035 |
|
|
|9 AAA8854AM
|
| 040 |
|
|
|a XBM
|c XBM
|d TXA
|d UtOrBLW
|
| 049 |
|
|
|a TXAM
|c 1 [A10939915]
|c 2 [A12438834]
|
| 050 |
|
4 |
|a RC607.A26
|b Y3 1987
|
| 100 |
1 |
|
|a Yarber, William L.
|q (William Lee),
|d 1943-
|
| 245 |
1 |
0 |
|a AIDS, what young adults should know.
|p Student guide /
|c William L. Yarber.
|
| 264 |
|
1 |
|a Reston, Va. :
|b American Alliance for Health, Physical Education, Recreation and Dance,
|c 1987.
|
| 300 |
|
|
|a 20 pages ;
|c 23 cm.
|
| 336 |
|
|
|a text
|b txt
|2 rdacontent
|
| 337 |
|
|
|a unmediated
|b n
|2 rdamedia
|
| 338 |
|
|
|a volume
|b nc
|2 rdacarrier
|
| 500 |
|
|
|a Sponsored by Association for the Advancement of Health Education.
|
| 650 |
|
0 |
|a AIDS (Disease)
|
| 650 |
|
0 |
|a Sex instruction for youth.
|
| 999 |
|
|
|a MARS
|
| 999 |
f |
f |
|s 6add3699-e6f9-3c31-a6aa-6c3a842d4c42
|i 5e639f9b-230b-331d-b3a0-373a66474546
|t 0
|
| 952 |
f |
f |
|p ric
|a Texas A&M University
|b Rellis Campus
|c Joint Library Facility
|d Remote Storage
|t 0
|e RC607.A26 Y3 1987
|h Library of Congress classification
|i unmediated -- volume
|m A14812438834
|
| 998 |
f |
f |
|a RC607.A26 Y3 1987
|t 0
|l Remote Storage
|